Loading...
| Beliefs | 0 | 3 | 1 | 2 | 25 | 124 | 136.00 | 0 | 3 | 0.00 | 0.00 |
| Fine Arts - Auditory | 1 | 1 | 0 | 0 | 25 | 86 | 88.50 | 0 | 2 | 0.00 | 0.00 |
| History - European | 0 | 2 | 0 | 2 | 20 | 105 | 121.50 | 0 | 2 | 0.00 | 0.00 |
| Social Science | 0 | 2 | 0 | 2 | 20 | 103 | 115.00 | 0 | 2 | 0.00 | 0.00 |
| Philosophy | 0 | 2 | 0 | 1 | 20 | 106 | 121.00 | 1 | 2 | 0.00 | 0.00 |
| 0 | 2 | 0 | 1 | 20 | 115 | 126.00 | 1 | 2 | 0.00 | 0.00 | |
| Literature - European | 0 | 2 | 0 | 0 | 20 | 104 | 115.50 | 0 | 2 | 0.00 | 0.00 |
| Literature - British | 1 | 0 | 0 | 0 | 15 | 40 | 40.00 | 1 | 1 | 0.00 | 0.00 |
| Science - Physics | 1 | 0 | 0 | 0 | 15 | 25 | 25.00 | 1 | 1 | 0.00 | 0.00 |
| Science - Biology | 0 | 1 | 0 | 0 | 10 | 117 | 117.00 | 0 | 1 | 0.00 | 0.00 |
| Fine Arts - Visual | 0 | 1 | 0 | 1 | 10 | 118 | 118.00 | 0 | 1 | 0.00 | 0.00 |
| Ancient History and Archaeology | 0 | 1 | 0 | 1 | 10 | 131 | 131.00 | 0 | 1 | 0.00 | 0.00 |
| Literature - American | 0 | 0 | 1 | 0 | -5 | 0.00 | 0 | 0 | 0.00 | 0.00 |